[Event "Titled Tuesday intern op 04th Oct Early"]
[Site "Chess.com INT"]
[Date "2022.10.04"]
[Round "11"]
[White "Izuzquiza Gonzalez, Javier"]
[Black "Fernandez, Gerardo"]
[Result "0-1"]
[WhiteElo "2020"]
[BlackElo "2169"]
[PlyCount "80"]
[EventDate "2022.10.04"]
[EventType "swiss (blitz)"]
[EventRounds "11"]
[EventCountry "USA"]
[SourceTitle "EXT 2023"]
[Source "ChessBase"]
[SourceDate "2022.10.05"]
[SourceVersion "1"]
[SourceVersionDate "2022.10.05"]
[SourceQuality "1"]

1. d4 Nf6 2. c4 c5 3. d5 b5 4. Nf3 b4 5. a3 a5 6. axb4 cxb4 7. Qc2 d6 8. h3 Nbd7 9. e4 g6 10. Bd3 Bg7 11. 0-0 0-0 12. Bf4 Qc7 13. Re1 Ba6 14. e5 Nh5 15. exd6 exd6 16. Bh2 Rfe8 17. Nbd2 Nc5 18. Bf1 a4 19. Rxe8+ Rxe8 20. Rxa4 b3 21. Nxb3 Nxa4 22. Nbd4 Nc5 23. b4 Ne4 24. c5 Bxf1 25. Kxf1 Nhf6 26. Nb5 Qb7 27. Nxd6 Nxd6 28. Bxd6 Qb5+ 29. Kg1 Ne4 30. Qb3 Nxd6 31. cxd6 Rd8 32. Qe3 Rxd6 33. Qe7 Qd7 34. Qe4 Rxd5 35. g3 Qb7 36. Qe8+ Bf8 37. h4 Rb5 38. Qe3 Rxb4 39. Kh2 Rb3 40. Qe8 Qxf3 0-1

[Event "Titled Tuesday intern op 04th Oct Early"]
[Site "Chess.com INT"]
[Date "2022.10.04"]
[Round "2"]
[White "Izuzquiza Gonzalez, Javier"]
[Black "Palczert, Matyas"]
[Result "1-0"]
[WhiteElo "2020"]
[BlackElo "2290"]
[PlyCount "105"]
[EventDate "2022.10.04"]
[EventType "swiss (blitz)"]
[EventRounds "11"]
[EventCountry "USA"]
[SourceTitle "EXT 2023"]
[Source "ChessBase"]
[SourceDate "2022.10.05"]
[SourceVersion "1"]
[SourceVersionDate "2022.10.05"]
[SourceQuality "1"]

1. d4 f5 2. Nf3 Nf6 3. g3 e6 4. Bg2 d5 5. 0-0 Bd6 6. Nbd2 0-0 7. Ne5 c6 8. Ndf3 Bd7 9. Bf4 Be8 10. Nd3 Bxf4 11. Nxf4 Qe7 12. Ne5 Nbd7 13. Nfd3 Ne4 14. c4 Nd6 15. Qc2 Nf7 16. Nf3 Rc8 17. Qb3 Nd6 18. c5 Nc4 19. Qxb7 Rb8 20. Qxa7 Bh5 21. Nde5 Bxf3 22. Qxd7 Qxd7 23. Nxd7 Bxe2 24. Rfe1 Rxb2 25. Nxf8 Kxf8 26. a4 Na5 27. Bf1 Bxf1 28. Kxf1 Kf7 29. Reb1 Rd2 30. Rd1 Rb2 31. Ke1 Rb4 32. Ke2 Kf6 33. Ke3 g5 34. Rdb1 Rc4 35. Rb8 Rc3+ 36. Ke2 Rc2+ 37. Ke1 Rc4 38. Ra8 Nb3 39. Ra3 Rc1+ 40. Ke2 Nxd4+ 41. Kd2 Rxc5 42. a5 Nb5 43. Ra1 Rc4 44. a6 Rd4+ 45. Ke2 Rb4 46. a7 Rb2+ 47. Kf1 d4 48. Rf8+ Ke5 49. a8Q d3 50. Qxc6 Nd4 51. Qc5+ Ke4 52. Re1+ Ne2 53. Qe3+ 1-0

[Event "Titled Tuesday intern op 04th Oct Early"]
[Site "Chess.com INT"]
[Date "2022.10.04"]
[Round "10"]
[White "Roman, Rodrigo"]
[Black "Izuzquiza Gonzalez, Javier"]
[Result "1-0"]
[WhiteElo "2078"]
[BlackElo "2020"]
[PlyCount "75"]
[EventDate "2022.10.04"]
[EventType "swiss (blitz)"]
[EventRounds "11"]
[EventCountry "USA"]
[SourceTitle "EXT 2023"]
[Source "ChessBase"]
[SourceDate "2022.10.05"]
[SourceVersion "1"]
[SourceVersionDate "2022.10.05"]
[SourceQuality "1"]

1. e4 c5 2. Nf3 e6 3. d4 cxd4 4. Nxd4 a6 5. Bd3 Nf6 6. 0-0 Qc7 7. c4 Nc6 8. Nxc6 dxc6 9. Nc3 e5 10. h3 Bc5 11. Qe2 Be6 12. Be3 Bxe3 13. Qxe3 0-0 14. b3 Rfd8 15. Rad1 Rd7 16. Be2 Rad8 17. Rxd7 Rxd7 18. Rd1 Qd8 19. Nd5 cxd5 20. cxd5 Nxd5 21. exd5 Rxd5 22. Rc1 f6 23. Bf3 Rd2 24. Bxb7 Rxa2 25. Qc5 Qd2 26. Qc7 Qxf2+ 27. Kh1 g6 28. Qd8+ Kg7 29. Qe7+ Bf7 30. Bd5 Qd2 31. Qxf7+ Kh6 32. Rf1 f5 33. Qf8+ Kg5 34. Qe7+ Kh6 35. Qxe5 Ra5 36. Rf4 Rxd5 37. Rh4+ Kg5 38. Qe7# 1-0

[Event "Titled Tuesday intern op 04th Oct Early"]
[Site "Chess.com INT"]
[Date "2022.10.04"]
[Round "4"]
[White "Sadubayev, Airat"]
[Black "Izuzquiza Gonzalez, Javier"]
[Result "1-0"]
[WhiteElo "2315"]
[BlackElo "2020"]
[PlyCount "27"]
[EventDate "2022.10.04"]
[EventType "swiss (blitz)"]
[EventRounds "11"]
[EventCountry "USA"]
[SourceTitle "EXT 2023"]
[Source "ChessBase"]
[SourceDate "2022.10.05"]
[SourceVersion "1"]
[SourceVersionDate "2022.10.05"]
[SourceQuality "1"]

1. e4 c5 2. Nf3 e6 3. g3 d6 4. Bg2 g6 5. 0-0 Bg7 6. d4 cxd4 7. Nxd4 a6 8. c4 Ne7 9. Nc3 0-0 10. Be3 Nbc6 11. Rc1 Qc7 12. b3 b6 13. Nd5 Nxd4 14. Nxc7 1-0

[Event "Titled Tuesday intern op 20th Sep Early"]
[Site "Chess.com INT"]
[Date "2022.09.20"]
[Round "4"]
[White "Izuzquiza Gonzalez, Javier"]
[Black "Kiseljova, Marya"]
[Result "1-0"]
[WhiteElo "2020"]
[BlackElo "2031"]
[PlyCount "45"]
[EventDate "2022.09.20"]
[EventType "swiss (blitz)"]
[EventRounds "11"]
[EventCountry "USA"]
[SourceTitle "EXT 2023"]
[Source "ChessBase"]
[SourceDate "2022.10.05"]
[SourceVersion "1"]
[SourceVersionDate "2022.10.05"]
[SourceQuality "1"]

1. d4 d5 2. c4 e6 3. Nf3 c5 4. g3 Nf6 5. Bg2 dxc4 6. 0-0 Nc6 7. Ne5 Bd7 8. Nxc6 Bxc6 9. Bxc6+ bxc6 10. Qa4 cxd4 11. Qxc6+ Nd7 12. Qxc4 Bc5 13. b4 Bb6 14. a4 Rc8 15. Qb3 a5 16. bxa5 Bxa5 17. Ba3 Nc5 18. Qb5+ Nd7 19. Rd1 e5 20. Nd2 Rb8 21. Qc6 Qb6 22. Qd5 Qe6 23. Qxa5 1-0